Normal view
MARC view
- تأليف درادكة، حمزة عبدالحليم ،م.مشارك: حمزة عبدالرزاق العلوان، مروان محمد ابو رحمة، مصطفى يوسف كافي
Entry Personal Name
001 - CONTROL NUMBER
- control field: 51133
003 - CONTROL NUMBER IDENTIFIER
- control field: JO-AjAnu
005 - DATE AND TIME OF LATEST TRANSACTION
- control field: 20230606082420.0
008 - FIXED-LENGTH DATA ELEMENTS
- fixed length control field: 230606|| aca||aabn | a|a d
040 ## - CATALOGING SOURCE
- Original cataloging agency: JO-AjAnu
- Transcribing agency: JO-AjAnu
100 ## - HEADING--PERSONAL NAME
- Personal name: تأليف درادكة، حمزة عبدالحليم ،م.مشارك: حمزة عبدالرزاق العلوان، مروان محمد ابو رحمة، مصطفى يوسف كافي
670 ## - SOURCE DATA FOUND
- Source citation: Work cat.: (JO-AjAnu)26135: تأليف درادكة، حمزة عبدالحليم ،م.مشارك: حمزة عبدالرزاق العلوان، مروان محمد ابو رحمة، مصطفى يوسف كافي, author, مبادىء محاسبة المنشآت السياحية والفندقية